000 00838cam a2200181 a 4500
020 _a2881248780
082 0 0 _a519.3
_bNON
_cL-3, P-23
100 _aF. Giannessi
_939440
245 1 0 _aNonsmooth optimization methods and applications :
_bproceedings of a meeting held in Erice, Sicily, at "E. Majorana" Centre for Scientific Culture, "G. Stampacchia International School of Mathematics," June 19 - 30, 1991 /
_cedited by F. Giannessi.
260 _aSwitzerland ;
_aPhiladelphia, Pa. :
_bGordon and Breach Science Publishers,
_cc1992.
300 _axiii, 445 p. :
_bill. ;
_c26 cm.
526 _a0
_b0
_c0
_d519_300000000000000_NON
650 0 _aMCE
_9379
650 0 _aNonsmooth optimization
_xCongresses.
_939441
700 1 _aGiannessi, F.
_939442
856 4 2 _uhttp://www.loc.gov/catdir/enhancements/fy0653/92019711-d.html
942 _2ddc
_cBK
999 _c543934
_d543934